| 000 | 00993nam a22002297a 4500 | ||
|---|---|---|---|
| 003 | OSt | ||
| 005 | 20250827110813.0 | ||
| 008 | 240308b ||||| |||| 00| 0 eng d | ||
| 040 | _c0 | ||
| 082 | _aDPer 621.317 Ie21 July 2022 v.37 n. 7 | ||
| 100 |
_aChen, Haiyu. _eauthor. _954193 |
||
| 245 |
_aA novel medium-voltage hybrid-cascaded DC—DC converter with DC fault-blocking capability and reduced switch capacity / _cHaiyu Chen, Jinjun Liu, Sixing Du, Zhifeng Deng, and Cong Li |
||
| 260 |
_aNew York ; _bThe Institute of Electrical and Electronics Engineers, Inc. , _cJuly 2022. |
||
| 300 |
_avolume 37, pages 8033-8044 : _billustration ; _c28 cm. |
||
| 500 | _a IEEE Transactions on Power Electronics, vol. 37, no. 7, pages 8033-8044, July 2022. | ||
| 700 |
_aChen, Haiyu. _eauthor. _954193 |
||
| 700 |
_aLiu, Jinjun. _eauthor. _954194 |
||
| 700 |
_aDu, Sixing. _eauthor. _954195 |
||
| 700 |
_aDeng, Zhifeng. _eauthor. _954196 |
||
| 700 |
_aLi, Cong. _eauthor. _954197 |
||
| 942 |
_2ddc _cPER |
||
| 999 |
_c19566 _d19566 |
||